Marketing research

There are several approaches to teaching marketing research. You could present the big picture and context first, and then break down the overall process into its parts. Or, you could start with techniques and build each into a phase of the overall process until at the end the overview is known. Thi...

全面介紹

Đã lưu trong:
書目詳細資料
主要作者: Cooper, Donald R.
格式: 圖書
語言:Undetermined
出版: New York McGraw-Hill/Irwin 2006
主題:
標簽: 添加標簽
沒有標簽, 成為第一個標記此記錄!
Thư viện lưu trữ: Trung tâm Học liệu Trường Đại học Cần Thơ
LEADER 01221nam a2200193Ia 4500
001 CTU_187024
008 210402s9999 xx 000 0 und d
082 |a 658.83 
082 |b C776 
100 |a Cooper, Donald R. 
245 0 |a Marketing research 
245 0 |c Donald R. Cooper, Pamela S. Schindler 
260 |a New York 
260 |b McGraw-Hill/Irwin 
260 |c 2006 
520 |a There are several approaches to teaching marketing research. You could present the big picture and context first, and then break down the overall process into its parts. Or, you could start with techniques and build each into a phase of the overall process until at the end the overview is known. This book takes the approach that each student needs an overview first in order to appreciate the nuances and details of the specific techniques they will be asked to employ to develop high quality information. This belief led to the development of the text in four parts. The first part presents the overview, while parts 2, 3 and 4 provide the details on methodologies and techniques. 
650 |a Marketing research,Nghiên cứu tiếp thị 
910 |a Hải 
980 |a Trung tâm Học liệu Trường Đại học Cần Thơ